LEADER 01052nam a2200253 i 4500 001 000000154755 003 CaOOAMICUS 005 20090310000000.0 008 090310s1974 it u000 u ita u 013 $a132103 040 $aSeMil$bita 100 1 $aRagghianti Collobi, Licia.$0(OLS)http://semarc/name/60541 245 13$aIl Libro de' Disegni del Vasari :$b[Tavole] /$cLicia Ragghianti Collobi. 260 $aFirenze :$bVallecchi,$ccopyr. 1974. 300 $aVI, 335 p. :$briccamente ill. ;$c28 cm. 500 $aFondo Card. Giovanni Colombo. 650 4$aDisegni - Collezioni - Sec. 16.$0(OLS)http://semarc/subject/30315 650 4$aVasari, Giorgio <1511-1574> - Opere.$0(OLS)http://semarc/subject/3992 850 $aSeMil 852 $aSeMil$W1$xVenegono$y1$m5R XI 66$j106611$B106611$CSeMilBibl$Z2$F140096 $81 941 1 $a3 961 $aLascito: Colombo Card. Giovanni 996 $6245$aIl Libro de' Disegni del Vasari :$b[Tavole]$9(OLS)http://semarc/title/226543 996 $6260$aFirenze :$bVallecchi$9(OLS)http://semarc/publisher/29768 LEADER 00992nam a2200205 i 4500 001 000000185150 003 CaOOAMICUS 005 20100128000000.0 008 100128s1916 it u000 u ita u 013 $a163146 040 $aSeMil$bita 100 1 $aMeregalli, Luigi .$0(OLS)http://semarc/name/31569 245 13$aIl Sacro Cuore di Gesł :$bnella sua Rivelazione Liturgica Culto Divozionale e Arte nei suoi pił Pratici Aspetti /$cCan. Luigi Meregalli. 260 $aMilano :$bTip. Milesi & Nicola,$c1916. 300 $aVIII, 194 p., [16] p. di tav. ;$c20 cm. 650 4$aSacro Cuore di Gesł.$0(OLS)http://semarc/subject/131 850 $aSeMil 852 $aSeMil$W1$xVenegono$y1$m3F I 32$j135841$B135841$CSeMilBibl$Z2$F147394 $81 996 $6245$aIl Sacro Cuore di Gesł :$bnella sua Rivelazione Liturgica Culto Divozionale e Arte nei suoi pił Pratici Aspetti$9(OLS)http://semarc/title/265956 996 $6260$aMilano :$bTip. Milesi & Nicola$9(OLS)http://semarc/publisher/49829